| 000 | 00563nam a22002057a 4500 | ||
|---|---|---|---|
| 005 | 20220728113657.0 | ||
| 008 | 220728b ||||| |||| 00| 0 eng d | ||
| 040 | _cAloy | ||
| 041 | _aeng | ||
| 082 |
_223 _a821.7 _bKEAS |
||
| 100 |
_aJohn Keats _953775 |
||
| 245 | _aSelections from the poems of John Keats | ||
| 260 |
_aLondon _bThe Gresham Publishing Company _c1917 |
||
| 300 |
_a279p. _bHB _c15x16cm. |
||
| 365 | _2English | ||
| 650 |
_aEnglisn Poetry _953776 |
||
| 650 |
_aEnglish Literature _953777 |
||
| 700 |
_aKEATS (John) _953778 |
||
| 942 |
_2ddc _cGF |
||
| 999 |
_c224257 _d224257 |
||